| 000 | 00452nab a2200145Ia 4500 | ||
|---|---|---|---|
| 003 | ES-SlBCS | ||
| 005 | 20210601142106.0 | ||
| 008 | 140529s2008 xxu||||| |||| 00| 0 spa d | ||
| 041 | _aspa | ||
| 100 | 1 |
_aRíos López, Martín _9264726 |
|
| 245 | 0 | 0 |
_aNotas abiertas al Fedón de Platón (57a-61b) _c Martín Ríos López |
| 600 | 0 | 4 |
_aPlatón-Fedón _9159034 |
| 773 | 0 |
_tHermenéutica Intercultural _gnº. 17, 2008, págs. 91-106 _wRev1232 |
|
| 942 | _cAR | ||
| 999 |
_c671412 _d671412 |
||